Southville International School and Colleges
Your cart is empty.
  • Cart
  • Lists
    Public lists Eva Luna New books Lux_list list_1
    Your lists Log in to create your own lists
  • Log in to your account
  • Your cookies
  • Search history
Southville International School and Colleges
  • Advanced search
  • Recent comments
  • Most popular
  • Libraries

Log in to your account

Log in with GOOGLE


If you do not have an external account, but do have a local account, you can still log in:

  1. Home
  2. MARC view: Measurement of aggressive behaviors in dementia :
Normal view MARC view ISBD view

Measurement of aggressive behaviors in dementia : (Record no. 121464)

[ view plain ]
MARC details
000 -LEADER
fixed length control field 00746nam a2200205Ia 4500
008 - FIXED-LENGTH DATA ELEMENTS--GENERAL INFORMATION
fixed length control field 140626s9999 xx 000 0 und d
100 ## - MAIN ENTRY--PERSONAL NAME
Personal name Whall, Ann.
245 ## - TITLE STATEMENT
Title Measurement of aggressive behaviors in dementia :
Remainder of title comparison of the physical aggression subscales of the Cohen-Mansfield Agitation Inventory and the Ryden Aggression Scale /
Statement of responsibility, etc Ann Whall ... [et al.].
260 ## - PUBLICATION, DISTRIBUTION, ETC. (IMPRINT)
Date of publication, distribution, etc c2013.
300 ## - PHYSICAL DESCRIPTION
Extent 6 : 1, page 171
440 ## - SERIES STATEMENT/ADDED ENTRY--TITLE
Title Research in Gerontological Nursing
521 ## - TARGET AUDIENCE NOTE
Target audience note
650 ## - SUBJECT ADDED ENTRY--TOPICAL TERM
Topical term or geographic name as entry element Aggression.
650 ## - SUBJECT ADDED ENTRY--TOPICAL TERM
Topical term or geographic name as entry element Aggressive behavior.
650 ## - SUBJECT ADDED ENTRY--TOPICAL TERM
Topical term or geographic name as entry element Dementia.
650 ## - SUBJECT ADDED ENTRY--TOPICAL TERM
Topical term or geographic name as entry element Older adults.
650 ## - SUBJECT ADDED ENTRY--TOPICAL TERM
Topical term or geographic name as entry element Physical aggression subscales of Cohen-Mansfield Agitation Inventory.
650 ## - SUBJECT ADDED ENTRY--TOPICAL TERM
Topical term or geographic name as entry element Ryden Aggression Scale.
942 ## - ADDED ENTRY ELEMENTS (KOHA)
Koha item type Periodicals
Holdings
Withdrawn status Lost status Damaged status Home library Current library Shelving location Date acquired Total Checkouts Barcode Date last seen Price effective from Koha item type
      College Library College Library Periodical Section 06/26/2014   S0572 06/26/2014 06/26/2014 Periodicals

Measurement of aggressive behaviors in dementia :

APA

Whall A., . (2013). Measurement of aggressive behaviors in dementia. : .

Chicago

Whall Ann, . 2013. Measurement of aggressive behaviors in dementia. : .

Harvard

Whall A., . (2013). Measurement of aggressive behaviors in dementia. : .

MLA

Whall Ann, . Measurement of aggressive behaviors in dementia. : . 2013.

  • Place hold
  • Print
  • Cite
  • Add to your cart (remove)
  • Save record
    BIBTEX Dublin Core MARCXML MARC (non-Unicode/MARC-8) MARC (Unicode/UTF-8) MARC (Unicode/UTF-8, Standard) MODS (XML) RIS
  • More searches
    Search for this title in:
    Other Libraries (WorldCat) Other Databases (Google Scholar) Online Stores (Bookfinder.com) Open Library (openlibrary.org)

Exporting to Dublin Core...

SOUTHVILLE LIBRARY

Southville International School and Colleges Library

1281 Tropical Ave. Cor. Luxembourg St., BF Homes International, Las Pinas City

Tel. No. 8256374 / 252358 Loc. 117/146

Powered by Koha